| 000 | 02481nam a22004337a 4500 | ||
|---|---|---|---|
| 999 |
_c6582 _d6582 |
||
| 003 | OSt | ||
| 005 | 20260304104015.0 | ||
| 008 | 190228c xxut||p| |||| 00| 0 spa d | ||
| 020 | _a9789873048555 | ||
| 040 | _cPJ | ||
| 245 | 1 | 0 |
_aRevista de derecho privado y comunitario : _bInflación : problemas y respuestas - I / _cHéctor Alegría, Jorge Mosset Iturraspe directores. |
| 260 |
_aSanta Fé : _bRubinzal-Culzoni, _c2024. |
||
| 300 |
_a704 p. _c22 cm. |
||
| 310 | _acuatrimestral | ||
| 362 | _aNo. 2 (2024) | ||
| 505 |
_tLa inflación argentina - algo de teoría, pasado, presente y otras cuestiones / _r Diego Rubinzal. |
||
| 505 |
_tLos problemas inflacionarios y la prohibición de indexación debate sobre su constitucionalidad / _rFernando Braceiro. |
||
| 505 |
_tLas tasas de interés frente a la inflación / _r Segundo J. Méndez Acosta. |
||
| 505 |
_tInflación y defensa de la competencia / _rEduardo A .Barreira Delfino. |
||
| 505 |
_tInflación e imprevisión contractual. frustración del fin / _rAldo M. Di Vito. |
||
| 505 |
_tAjuste por inflación de los estados contables / _rCarlos María Folco. |
||
| 505 |
_tLas obligaciones de valor, el artículo 772 del código civil y comercial de la nación y el fallo “barrios” de la suprema corte de justicia de la provincia de buenos aires / _rAnalía V. Romero. |
||
| 505 |
_tParte general / _rJulio César Rivera Colaborador. |
||
| 505 |
_tObligaciones / _rAlberto J. Bueres Colaborador: Carlos Reyna. |
||
| 505 |
_tContratos / _rRicardo Luis Lorenzetti y Gonzalo Sozzo Colaborador: Mariano L. Churruarin. |
||
| 505 |
_tDerechos reales / _rLeopoldo L. Peralta Mariscal Colaboradora: Mariana Rey. |
||
| 505 |
_tFamilias / _rAída Kemelmajer Colaboradora: María Angélica Correa. |
||
| 505 |
_tSucesiones / _rGraciela Medina Colaboradora: Andrea Inés Podestá. |
||
| 505 |
_tConcursos / _rJosé A .DiTullio Colaborador: Eduardo Néstor Chiavassa. |
||
| 505 |
_tSeguros / _rHoracio Roitman Colaborador: José A. Di Tullio. |
||
| 505 |
_tSociedades / _rHéctor Alegria Colaborador: Nicolás J. Di Lella. |
||
| 505 |
_tDerecho cambiario / _rván G. Di Chiazza Colaborador: José Ignacio Pastore. |
||
| 505 |
_tDerechos humanos / _rGraciela Medina Colaboradora: Gabriela Yuba. |
||
| 650 | 0 |
_9292 _aECONOMIA Y FINANZAS |
|
| 650 | 0 |
_94601 _aINFLACIÓN |
|
| 700 |
_91076 _aAlegria, Héctor _edirector |
||
| 700 |
_9528 _aMosset Iturraspe, Jorge _edirector |
||
| 942 |
_2udc _cPP _h347.1(05) _iREV |
||